<?xml version="1.0" encoding="UTF-8"?>
<record
    xmlns:xsi="http://www.w3.org/2001/XMLSchema-instance"
    xsi:schemaLocation="http://www.loc.gov/MARC21/slim http://www.loc.gov/standards/marcxml/schema/MARC21slim.xsd"
    xmlns="http://www.loc.gov/MARC21/slim">

  <leader>02145nam a22002777a 4500</leader>
  <controlfield tag="005">20220312122206.0</controlfield>
  <controlfield tag="008">220312b           ||||| |||| 00| 0 eng d</controlfield>
  <datafield tag="020" ind1=" " ind2=" ">
    <subfield code="a">9353285690</subfield>
  </datafield>
  <datafield tag="040" ind1=" " ind2=" ">
    <subfield code="c">Aloy</subfield>
  </datafield>
  <datafield tag="041" ind1=" " ind2=" ">
    <subfield code="a">eng</subfield>
  </datafield>
  <datafield tag="082" ind1=" " ind2=" ">
    <subfield code="2">23</subfield>
    <subfield code="a">320.3</subfield>
    <subfield code="b">SINC</subfield>
  </datafield>
  <datafield tag="100" ind1=" " ind2=" ">
    <subfield code="a">Pushpa Singh</subfield>
    <subfield code="9">23511</subfield>
  </datafield>
  <datafield tag="245" ind1=" " ind2=" ">
    <subfield code="a">Comparative Government and Politics</subfield>
  </datafield>
  <datafield tag="260" ind1=" " ind2=" ">
    <subfield code="a">Los Angeles</subfield>
    <subfield code="b">Sage Texts</subfield>
    <subfield code="c">2019</subfield>
  </datafield>
  <datafield tag="300" ind1=" " ind2=" ">
    <subfield code="a">xxii,358p.</subfield>
    <subfield code="b">24X13 cm.</subfield>
    <subfield code="c">24X18 cm.</subfield>
  </datafield>
  <datafield tag="365" ind1=" " ind2=" ">
    <subfield code="2">Human Resource and Gender Equity</subfield>
    <subfield code="a">6321</subfield>
    <subfield code="b">396.00</subfield>
    <subfield code="c">&#x20B9;</subfield>
    <subfield code="d">495.00</subfield>
    <subfield code="e">&#x20B9;</subfield>
    <subfield code="f">08-03-2022</subfield>
  </datafield>
  <datafield tag="520" ind1=" " ind2=" ">
    <subfield code="a">A wide-ranging, accessible and contemporary textbook capturing the narrative of comparative politics and its changing nature in the rapidly transforming world.&lt;Br&gt; comparative government and Politics introduces students to the tradition of comparative political research and explores the central ideas and questions that constitute the field. This textbook, written in close consultation with the syllabus and Course curriculums of major Indian universities, indulges in critical thematic exploration as well as detailed study of important political institutions and their functioning in comparative perspective. Instead of just summarizing European scholarly works with examples from the West, the book centralizes the experiences and case studies from postcolonial societies, making it relatable for the students of developing countries. It covers contemporary global debates pertinent to each topic and brings up important cases from the global South as well. &lt;Br&gt; Key features:
discussions incorporate the intersectionality of gender, race and ethnicity
Chapters begin with a reader guide feature to lay out the objective, structure and brief introduction of the br&gt;Chapter Content
content is aided by book-end glossary, list of Keywords and review questions for self-assessment.
&#x915;&#x92E; &#x92A;&#x922;&#x93C;&#x947;&#x902;</subfield>
  </datafield>
  <datafield tag="650" ind1=" " ind2=" ">
    <subfield code="a">Capitalism</subfield>
    <subfield code="9">23501</subfield>
  </datafield>
  <datafield tag="650" ind1=" " ind2=" ">
    <subfield code="a">Socialism</subfield>
    <subfield code="9">23502</subfield>
  </datafield>
  <datafield tag="650" ind1=" " ind2=" ">
    <subfield code="a">Colonialism</subfield>
    <subfield code="9">23503</subfield>
  </datafield>
  <datafield tag="650" ind1=" " ind2=" ">
    <subfield code="a">Political Economy</subfield>
    <subfield code="9">23504</subfield>
  </datafield>
  <datafield tag="650" ind1=" " ind2=" ">
    <subfield code="a">Voting and Electoral System</subfield>
    <subfield code="9">23505</subfield>
  </datafield>
  <datafield tag="700" ind1=" " ind2=" ">
    <subfield code="a">SINGH (Pushpa) Ed.</subfield>
    <subfield code="9">23506</subfield>
  </datafield>
  <datafield tag="700" ind1=" " ind2=" ">
    <subfield code="a">SHARMA (Chetna) Ed.</subfield>
    <subfield code="9">23507</subfield>
  </datafield>
  <datafield tag="942" ind1=" " ind2=" ">
    <subfield code="2">ddc</subfield>
    <subfield code="c">BK</subfield>
  </datafield>
  <datafield tag="999" ind1=" " ind2=" ">
    <subfield code="c">221843</subfield>
    <subfield code="d">221843</subfield>
  </datafield>
  <datafield tag="952" ind1=" " ind2=" ">
    <subfield code="0">0</subfield>
    <subfield code="1">0</subfield>
    <subfield code="2">ddc</subfield>
    <subfield code="4">0</subfield>
    <subfield code="7">0</subfield>
    <subfield code="8">OTH</subfield>
    <subfield code="a">AL</subfield>
    <subfield code="b">AL</subfield>
    <subfield code="d">2022-03-10</subfield>
    <subfield code="e">Biblios Book Point, Surathkal, Mangalore-575014</subfield>
    <subfield code="g">396.00</subfield>
    <subfield code="l">2</subfield>
    <subfield code="o">320.3 SINC</subfield>
    <subfield code="p">075627</subfield>
    <subfield code="r">2025-06-26 09:02:49</subfield>
    <subfield code="s">2025-06-23</subfield>
    <subfield code="v">495.00</subfield>
    <subfield code="w">2022-03-12</subfield>
    <subfield code="y">BK</subfield>
  </datafield>
</record>
